000 00622nam a22001817a 4500
003 OSt
005 20241202170522.0
008 241202b |||||||| |||| 00| 0 eng d
020 _a1559349603
040 _bENGLISH
_cCENTRAL UNIVERSITY
050 _aP 90 BAR
100 _aBARAN, STANLEY J
245 _aINTRODUCTION TO MASS COMMUNICATION
_bMEDIA LITERACY AND CULTURE
260 _aMOUNTAIN VIEW, CALIFORNIA
_bMAYFIELD PUBLISHING COMPANY
_c1999
500 _axxiv, 518pages, bibliographical references and index
600 _2MASS MEDIA, MASS MEDIA AND CULTURE, MEDIA LITERACY
942 _2lcc
_cBK
_hP 90 BAR
_n0
999 _c1903
_d1903